Statistics for Oscar Actor to Movie

Click here to take the quiz!

General Stats

  • This quiz has been taken 33,777 times
    (13,291 since last reset)
  • The average score is 12 of 20

Answer Stats

ActorYearMovie% Correct
Joaquin Phoenix2019Joker
89%
Tom Hanks1994Forrest Gump
87%
Russell Crowe2000Gladiator
79%
Marlon Brando1972The Godfather
76%
Leonardo DiCaprio2015The Revenant
73%
Matthew McConaughey2013Dallas Buyers Club
63%
Colin Firth2010The King's Speech
63%
Ben Kingsley1982Gandhi
61%
Jamie Foxx2004Ray
60%
Will Smith2021King Richard
59%
Daniel Day-Lewis2012Lincoln
59%
Tom Hanks1993Philadelphia
59%
Dustin Hoffman1988Rain Man
56%
Sean Penn2008Milk
52%
Denzel Washington2001Training Day
47%
Forest Whitaker2006
The Last King of
Scotland
46%
Gregory Peck1962To Kill a Mockingbird
43%
Michael Douglas1987Wall Street
43%
Nicolas Cage1995Leaving Las Vegas
39%
George C. Scott1970Patton
36%

Score Distribution

Percentile by Number Answered

Percent of People with Each Score

Your Score History

You have not taken this quiz since the last reset